• 首页
  • 本馆介绍
  • 公告通知
  • 最新文献
  • 馆藏检索
  • 电子资源
  • 读者导购
  • 参考咨询
  • 我的图书馆
  • 登录
  • 详细信息显示
  • 放入我的书架
  • 预约/预借图书
  • 作者相关作品
  • 分类相关作品
  • 丛书相关作品
  • 出版社相关作品

书目信息

  • 表格格式
  • 工作单格式
  • 卡片格式
题名:
帝国主义是资本主义的最高阶段
    
 
作者: 列宁 著 ;中共中央马恩列斯著作编译局 译
分册:  
出版信息: 不详   战士出版社  1974
页数: 119页
开本: 21cm
丛书名:
单 册:
中图分类: A224
科图分类:
主题词: 列字著作--单行本--1912年4月~1916年
电子资源:
ISBN:
000 00739nam0 2200205 45
001 0181023520
005 20070804083533.90
010    @d不详
100    @a20810111d1974 km y0chiy0120 ea
101 0  @achi
200 1  @a帝国主义是资本主义的最高阶段@ADI GUO ZHU YI SHI ZI BEN ZHU YI DE ZUI GAO JIE DUAN@e通俗的论述@ETong Su De Lun Shu@f列宁著@FLie Ning Zhu@g中共中央马恩列斯著作编译局译
210    @a不详@c战士出版社@d1974
215    @a119页@d21cm
517    @a通俗的论述@ATong Su De Lun Shu
606 0  @a列字著作@x单行本@x1912年4月~1916年
690    @aA224@v3
701 0  @a列宁@4著
712 02 @a中共中央马恩列斯著作编译局@AZhong Gong Zhong Yang Ma En Lie Si Zhu ZuoBian Yi Ju@4译
801    @aCN@bTSTC@c20070804
905    @dA224@e14:1606≈2
    
    帝国主义是资本主义的最高阶段:通俗的论述/列宁著/中共中央马恩列斯著作编译局译.-不详:战士出版社,1974
    119页;21cm
    
    
    ISBN :不详
    
●
相关链接 在E读中查询图书 在五车中查询图书 在当当中查询图书 在豆瓣中查询图书


正题名:帝国主义是资本主义的最高阶段     索取号:A224/14:1606≈2         预约/预借

序号 登录号 条形码 馆藏地/架位号 状态 备注
1 0791585   207915853   第一样本阅览室/ [索取号:A224/14:1606≈2] 在馆    
唐山师范学院图书馆 欢迎您!
大连网信软件有限公司© 版权所有